000 00502nam a22001697a 4500
999 _c160631
_d160631
005 20190206165831.0
010 _aA-463616
020 _a8185047820
035 _aA-463616
037 _bReliance Publishing House
082 _a954.62
100 _aSinha, A.C.
245 _aBhutan :
_bEthnic identity and national dilemma /
_cA.C. Sinha
260 _aNew Delhi
_bReliance Publishing House
_c1991
300 _a258p. (it include index)
_c22cm(hbk)
942 _2ddc
_cEN
_h954.62
_mSIN